000 00825nam a2200229 i 4500
001 bg
100 1 _aGROSSE, Tomasz Grzegorz
245 1 0 _aPolityka regionalna Unii Europejskiej i jej wpływ na rozwój gospodarczy :
_bprzykład Grecji, Włoch, Irlandii i wnioski dla Polski /
_cTomasz Grzegorz Grosse ; Instytut Spraw Publicznych.
260 _aWarszawa :
_bISP,
_c2000.
300 _a152 s. ;
_c24 cm.
504 _aBibliogr.
650 9 _aRegionalizacja gospodarcza
_xpolityka
_xUnia Europejska
710 0 _aInstytut Spraw Publicznych
020 _a8386917393
040 _cBPK
041 0 _apl
080 _a332.14(4-67+438)"1989/..."
920 _a83-86917-39-3
942 _cKS
008 s pl f |000 0 pol
999 _c40252
_d40252
856 _uhttp://koha.tu.koszalin.pl/cgi-bin/koha/opac-detail.pl?biblionumber=40252
_yKatalog online BPK